书目信息 |
| 题名: |
网络位置、吸收能力与企业创新绩效
|
|
| 作者: | 钱锡红 著 | |
| 分册: | ||
| 出版信息: | 北京 经济科学出版社 2017 |
|
| 页数: | 235页 | |
| 开本: | 24cm | |
| 丛书名: | ||
| 单 册: | ||
| 中图分类: | F273.1 | |
| 科图分类: | ||
| 主题词: | 企业创新--研究 | |
| 电子资源: | ||
| ISBN: | 978-7-5141-8399-3 | |
| 000 | 01022nam0 2200265 450 | |
| 001 | 012001005679 | |
| 005 | 20080820160823.0 | |
| 010 | @a978-7-5141-8399-3@dCNY55.00 | |
| 100 | @a20180217d2017 em y0chiy50 ea | |
| 101 | 0 | @achi |
| 102 | @aCN@b110000 | |
| 105 | @ay az 000yy | |
| 106 | @ar | |
| 200 | 1 | @a网络位置、吸收能力与企业创新绩效@9wang luo wei zhi、xi shou neng li yu qi ye chuang xin ji xiao@f钱锡红著 |
| 210 | @a北京@c经济科学出版社@d2017 | |
| 215 | @a235页@d24cm | |
| 312 | @a封面英文题名:Network position, absorptive capacity and firm innovative performance | |
| 320 | @a有书目(第193-230页) | |
| 330 | @a本书共七章,主要内容包括:理论综述与评析、理论假设与研究模型、研究设计、研究数据的收集与预处理、假设检验与结果分析、结论与未来研究方向。 | |
| 510 | 1 | @aNetwork position, absorptive capacity and firm innovative performance@zeng |
| 606 | 0 | @a企业创新@x研究 |
| 690 | @aF273.1@v5 | |
| 701 | 0 | @a钱锡红@9qian xi hong@4著 |
| 801 | 0 | @aCN@b上海新华@c20181010 |
| 905 | @b1174991-5@dF273.1@e1666@f5 | |
| 网络位置、吸收能力与企业创新绩效/钱锡红著.-北京:经济科学出版社,2017 |
| 235页;24cm |
| ISBN 978-7-5141-8399-3:CNY55.00 |
| 本书共七章,主要内容包括:理论综述与评析、理论假设与研究模型、研究设计、研究数据的收集与预处理、假设检验与结果分析、结论与未来研究方向。 |
| ● |
| 相关链接 |
|
|
|
|
正题名:网络位置、吸收能力与企业创新绩效
索取号:F273.1/1666
 
预约/预借
| 序号 | 登录号 | 条形码 | 馆藏地/架位号 | 状态 | 备注 |
| 1 | 1174991 | 211749919 | 第一样本阅览室/ [索取号:F273.1/1666] | 在馆 | |
| 2 | 1174992 | 211749928 | 密集书库-海洋学院/ [索取号:F273.1/1666] | 在馆 | |
| 3 | 1174993 | 211749937 | 第一借阅区/ [索取号:F273.1/1666] | 在馆 | |
| 4 | 1174994 | 211749946 | 第一借阅区/ [索取号:F273.1/1666] | 在馆 | |
| 5 | 1174995 | 211749955 | 第一借阅区/ [索取号:F273.1/1666] | 在馆 |